000 01575cam a22003494a 4500
999 _c18270
_d18270
001 14709677
005 20161205094552.0
008 070124s2007 ne a b 001 0 eng
010 _a 2007060882
020 _a9789004156814
020 _a900415681X (alk. paper)
040 _aDLC
_cDLC
_dDLC
043 _aaw-----
050 0 0 _aRA934.M628D86 2007
_bD86 2007
100 1 _aDvorjetski, Estee.
245 1 0 _aLeisure, pleasure, and healing :
_bspa culture and medicine in ancient eastern Mediterranean /
_cby Estēe Dvorjetski.
260 _aLeiden ;
_aBoston :
_bBrill,
_c2007.
300 _axxxiii, 524 p. :
_bill. ;
_c25 cm.
490 0 _aSupplements to the Journal for the study of Judaism ;
_vv. 116
504 _aIncludes bibliographical references and index.
650 0 _aHealth resorts
_zMiddle East
_xHistory.
650 0 _aMineral waters
_xTherapeutic use
_zMiddle East
_xHistory.
650 0 _aBalneology
_zMiddle East
_xHistory.
650 0 _aHot springs
_zMiddle East
_xHistory.
650 0 _aBaths, Hot
_zMiddle East
_xHistory.
650 0 _aMedicine
_zMiddle East
_xHistory.
650 0 _aMedicine, Ancient.
856 4 1 _3Table of contents
_uhttp://www.loc.gov/catdir/toc/fy0716/2007060882.html
906 _a7
_bcbc
_corignew
_d1
_eocip
_f20
_gy-gencatlg
942 _2lcc
_cBOOKS
_hRA934.M628D86 2007